Kamus dewan / (Record no. 156)

000 -LEADER
fixed length control field nam a22 a 4500
003 - CONTROL NUMBER IDENTIFIER
control field AKMAL
005 - DATE AND TIME OF LATEST TRANSACTION
control field 20170421102310.0
008 - FIXED-LENGTH DATA ELEMENTS--GENERAL INFORMATION
fixed length control field 170421t1989 my d a00 may d
020 ## - INTERNATIONAL STANDARD BOOK NUMBER
International Standard Book Number 9836209794
040 ## - CATALOGING SOURCE
Original cataloging agency AKMAL
082 04 - DEWEY DECIMAL CLASSIFICATION NUMBER
Classification number 499.23 KAM
090 00 - LOCALLY ASSIGNED LC-TYPE CALL NUMBER (OCLC); LOCAL CALL NUMBER (RLIN)
Classification number (OCLC) (R) ; Classification number, CALL (RLIN) (NR) 499.23
Local cutter number (OCLC) ; Book number/undivided call number, CALL (RLIN) KAM
100 ## - MAIN ENTRY--PERSONAL NAME
Personal name Iskandar, Teuku
9 (RLIN) 383
245 ## - TITLE STATEMENT
Title Kamus dewan /
Statement of responsibility, etc. penyusun Teuku Iskandar
250 ## - EDITION STATEMENT
Edition statement Ed. baru /
Remainder of edition statement [editor] Sheikh Othman bin Syeikh Salim, Md Nor bin Hj. Ab. Ghani, Ibrahim bin Ahmad
260 ## - PUBLICATION, DISTRIBUTION, ETC.
Place of publication, distribution, etc. Kuala Lumpur :
Name of publisher, distributor, etc. Dewan Bahasa dan Pustaka,
Date of publication, distribution, etc. 1989
300 ## - PHYSICAL DESCRIPTION
Extent xxxi, 1480ms. ;
Dimensions 22cm.
650 ## - SUBJECT ADDED ENTRY--TOPICAL TERM
Topical term or geographic name entry element Malay language
Form subdivision Dictionaries
9 (RLIN) 339
700 0# - ADDED ENTRY--PERSONAL NAME
Personal name Othman bin Sheikh Salim,
Titles and other words associated with a name Sheikh
9 (RLIN) 384
942 ## - ADDED ENTRY ELEMENTS (KOHA)
Source of classification or shelving scheme
Koha item type Book
Holdings
Withdrawn status Lost status Source of classification or shelving scheme Damaged status Not for loan Collection code Home library Current library Shelving location Date acquired Inventory number Total Checkouts Full call number Barcode Date last seen Price effective from Koha item type
          NON-FICTION AKMAL Melaka AKMAL Melaka PINJAMAN 21.04.2017 400251   499.23 KAM 201700293 21.04.2017 21.04.2017 Book
          NON-FICTION AKMAL Melaka AKMAL Melaka PINJAMAN 21.04.2017 400111   499.23 KAM 2017045630 23.05.2017 21.04.2017 Book
Pusat Sumber Maklumat Dato' Haji Sarmin Md Hussin, Akademi Kastam Diraja Malaysia, Melaka
Tel: 06-2331106 | Faks: 06-2313787